Evidencia v sémantike
Sémantické teórie a vzťahy jazykových výrazov, ktoré obsahujú empirickú i neempirickú zložku. Koncepcie testovania a hodnotenia sémantických teórií v pozadí metodologických prác z filozofie jazyka a sémantiky.
Enregistré dans:
| Auteur principal: | |
|---|---|
| Format: | Chapitre de livre |
| Langue: | slovaque |
| Sujets: | |
| Tags: |
Pas de tags, Soyez le premier à ajouter un tag!
|
MARC
| LEADER | 00000naa a2200000 4500 | ||
|---|---|---|---|
| 001 | 0227469 | ||
| 005 | 20220725085633.2 | ||
| 041 | 0 | |a slo | |
| 044 | |a SK | ||
| 245 | 1 | 0 | |a Evidencia v sémantike |c Lukáš Bielik |
| 520 | |a Sémantické teórie a vzťahy jazykových výrazov, ktoré obsahujú empirickú i neempirickú zložku. Koncepcie testovania a hodnotenia sémantických teórií v pozadí metodologických prác z filozofie jazyka a sémantiky. | ||
| 610 | 2 | 0 | |a filozofia |
| 610 | 2 | 0 | |a smery filozofické |
| 610 | 2 | 0 | |a metódy poznania |
| 610 | 2 | 0 | |a modely |
| 610 | 2 | 0 | |a metodológia vied |
| 610 | 2 | 0 | |a terminológia |
| 610 | 2 | 0 | |a jazykoveda |
| 610 | 2 | 0 | |a sémantika |
| 100 | 1 | |a Bielik, Lukáš | |